000 00544nam a22001817a 4500
005 20251108172713.0
008 250721s2002 xx 000 0 ara d
082 1 4 _aم/343.093/شلا
100 1 _aشلالا، نزيه نعيم
_eمؤلف
245 1 0 _aدعاوى حوادث السير /
264 1 _aبيروت :
_bمنشرات الحلبي الحقوقية،
_c2002.
300 _a269ص.
650 1 7 _aقانون الحوادث
650 1 7 _aمنع الحوادث
650 1 7 _aالإهمال
942 _2ddc
_cREF
999 _c86348
_d86348